000 00498nam a2200181 i 4500
001 97233
003 ES-MaACL
005 20230906182050.0
007 t|
008 050708s1924 fr ||||1| fre d
100 1 _aMaran, René.
_976299
245 1 3 _aLe petit roi de Chimerie /
_cRené Maran; conte preface de León Bocquet.
260 _aParis :
_bAlbin Michel,
_c1924.
300 _a238 p. ;
_c19 cm.
700 1 _aBocquet, Leon.
_9199674
852 _aES-MaACL
_jF-4893
999 _c97233
_d97233